00693 2200229 4500001002100000005001700021008004100038020001800079035002400097082001600121090002600137110002600163245011000189260004100299300003700340440001800377650002300395850001500418980001100433985000600444999001300450YOGYA-0209000000758420090227021033.0 ind  a979-598-969-3 0010-020900000007584 a304.6095983 a304.6095983bBad PlR aBADAN PUSAT STATISTIK aPenduduk DKI Jakarta = population of DKI Jakartabhasil sensus penduduk tahun 2000cBadan Pusat Statistik aJakartabBadan Pusat Statistikc2001 axxxix, 137 hlmbilusc21 x 28 cm aSeri L.2.2.10 aJakarta - Penduduk aYOPDYOG(B) a150404 a1 a04A00316